Central Library OPAC University of Rajshahi

Topics in modern mathematics 2 / (Record no. 7883)

MARC details
000 -LEADER
fixed length control field 00681cam a2200265 4500
001 - CONTROL NUMBER
control field 7883
003 - CONTROL NUMBER IDENTIFIER
rucl marc code BD-RjUL
005 - DATE AND TIME OF LATEST TRANSACTION
control field 20211208234506.0
008 - FIXED-LENGTH DATA ELEMENTS--GENERAL INFORMATION
fixed length control field 160114s1973 enka 001 0 eng
020 ## - INTERNATIONAL STANDARD BOOK NUMBER
International Standard Book Number 027331680X
International Standard Book Number 0273316826
035 ## - SYSTEM CONTROL NUMBER
System control number (BD-RjUL)7927
040 ## - CATALOGING SOURCE
Original cataloging agency DLC
Transcribing agency DLC
Modifying agency DLC
-- BD-RjUL
Language of cataloging eng
041 ## - LANGUAGE CODE
Language code of text/sound track or separate title eng
082 00 - DEWEY DECIMAL CLASSIFICATION NUMBER
Classification number 510
Author mark and year BAT 1973
100 1# - MAIN ENTRY--PERSONAL NAME
Personal name Baber, T. D. H.
9 (RLIN) 24608
245 10 - TITLE STATEMENT
Title Topics in modern mathematics 2 /
Statement of responsibility, etc. T. D. H. Baber.
260 ## - PUBLICATION, DISTRIBUTION, ETC. (IMPRINT)
Place of publication, distribution, etc. London :
Name of publisher, distributor, etc. Pitman,
Date of publication, distribution, etc. c1973
300 ## - PHYSICAL DESCRIPTION
Pagination x, 262 p. :
Illustrations ill. ;
Size 22 cm.
350 ## - PRICE (NR) (BK AM CF MU VM SE) [OBSOLETE]
Price £2.40
500 ## - GENERAL NOTE
General note Includes index.
650 #0 - SUBJECT ADDED ENTRY--TOPICAL TERM
Topical term or geographic name as entry element Mathematics.
9 (RLIN) 24609
942 ## - ADDED ENTRY ELEMENTS (KOHA)
Source of classification or shelving scheme Dewey Decimal Classification
Koha item type Books
Holdings
Lost status Source of classification or shelving scheme Damaged status Not for loan Collection code Permanent Location Current Location Shelving location Date acquired Source of acquisition Cost, normal purchase price Total Checkouts Full call number Date last seen Copy number Koha item type
  Dewey Decimal Classification   Not For Loan Non-fiction Central Library, University of Rajshahi Central Library, University of Rajshahi   23/06/1982 Standard pub. 120.00   510 BAT 1973 16/01/2014 C-1 Books
  Dewey Decimal Classification     Non-fiction Central Library, University of Rajshahi Central Library, University of Rajshahi   23/06/1982 Standard pub. 120.00   510 BAT 1973 27/08/2016 C-2 Books